000 00844cam a22002411 4500
001 ca 31000597
003 DLC
005 20260227111125.0
008 730816s1931 xx 000 0 eng
010 _aca 31000597
035 _a(OCoLC)679385
040 _aDLC
_cONcM
_dDLC
050 0 0 _aPS3521.E8
_bW5 1931
100 1 _aKester, Paul,
_d1870-1933.
245 1 0 _aWhen knighthood was in flower,
_ba play in four acts.
_cDramatized from the novel of the same name by Charles Major.
260 _aNew York,
_bS. French,
_c1931.
300 _a101p.
_c19cm.
490 0 _aFrench's standard library edition
651 0 _aGreat Britain
_xHistory
_yHenry VIII, 1509-1547
_vDrama.
600 1 0 _aSuffolk, Charles Brandon,
_cDuke of,
_d-1545
_vDrama.
600 0 0 _aMary
_bI,
_cQueen of England,
_d1516-1558
_xDrama.
700 1 _aMajor, Charles,
_d1856-1913.
999 _c16833
_d16833